000 01791nam0a2200325 4500
001 RU\NLR\bibl\1413102
005 20260406030448.0
010 _a978-5-7807-0747-9
_9500
021 _aRU
_b2009-55417
_93416
035 _a(NLR Aleph) 001405079
090 _a1246855
_c1246855
100 _a20090916d2009 |||y0rusy50 ca
101 0 _arus
102 _aRU
105 _aa |||||||||
200 1 _aЭкономика
_eучебное пособие
_eдля студентов высших учебных заведений, обучающихся по направлению и специальности "Социальная работа"
_fА.Б. Берендеева, Е.Е. Николаева, Т.А. Дубровская
_gМ-во образования и науки Рос. Федерации, Федер. агентство по образованию, ГОУ ВПО "Иван. гос. ун-т"
210 _aИваново
_cИвановский государственный университет
_d2009
215 _a323 с.
_cил.
_d20
320 _aБиблиогр.: с. 308-318
606 1 _aЭкономика
_jУчебные издания для высших учебных заведений
_xТеория
_91565397
_3RU\NLR\auth\66985247
686 _aУ010я73
700 1 _aБерендеева
_bА. Б.
_gАлла Борисовна
_4070
701 1 _4070
_8rus
_7ca
_aНиколаева
_bЕ. Е.
_cд-р экон. наук
_f1966-
_gЕлена Евгеньевна
_3RU\NLR\AUTH\77753
_9110793
701 1 _4070
_8rus
_7ca
_aДубровская
_bТ. А.
_gТатьяна Александровна
_3RU\NLR\auth\77108031
_990956
801 0 _aRU
_bNLR
_c20090916
_gRCR
801 1 _aRU
_bNLR
_c20090916
942 _cBOOK
980 _aNB